00245nam a2200109Ia 4500100001000000654001600010245005300026260001700079082002000096300000700116546001200123 aNone  aelectronics aSampling and Reconstruction trainer ST 2101 WB bnoneaIndore a621.381536bSCI a43 aENGLISH